European Airlines Logo - Statistics

General Stats
  • This quiz has been taken 45 times
  • The average score is 9 of 16
Answer Stats
Picture Answer % Correct
KLM
100%
Lufthansa
98%
Ryan Air
93%
British Airways
89%
Aer Lingus
80%
Iberia
77%
Jet2.com
73%
Air france
64%
Finnair
59%
Luxair
34%
Austrian airlines
27%
Aegean air
23%
Air serbia
23%
Widerøe
23%
Loganair
18%
Norwegian Air shuttle
18%
No matching quizzes found
Score Distribution
Percent of People with Each Score
Percentile by Number Answered
Your Score History
You have not taken this quiz